| 000 | 01074nam a2200229 i 4500 | ||
|---|---|---|---|
| 001 | 167924 | ||
| 003 | ES-MaACL | ||
| 005 | 20230906213626.0 | ||
| 008 | 990428s1879 xxu |||| | eng d | ||
| 040 |
_aCCPB | B _bspa _cCCPB | B |
||
| 100 | 1 |
_aWhitney, James Lyman. _9133925 |
|
| 245 | 1 | 0 |
_aCatalogue of the Spanish library and of the Portuguese books bequeathed by George Ticknor to the Boston Public Library, together with the collection of Spanish and Portuguese literature in the General Library / _cby James Lyman Whitney. |
| 260 |
_aBoston : _bby Order of the Trustees, _c1879 ( _fPress of Rockwell and Churchill) |
||
| 300 |
_aXIV, 476 p. ; _c29 cm. |
||
| 610 | 2 | 4 |
_aBoston Public Library. _bTicknor Collection- _vCatálogos. _9159597 |
| 650 | 4 |
_aLibros españoles- _vBibliografías. _9137474 |
|
| 650 | 4 |
_aLibros portugueses- _vBibliografías. _9159598 |
|
| 651 | 4 |
_aEspaña- _vBibliografías. _9149031 |
|
| 651 | 4 |
_aPortugal- _xBibliografías. _99248 |
|
| 710 | 2 |
_aBoston Public Library. _bTicknor Collection. _9159599 |
|
| 852 |
_aES-MaACL _jG-7329 _z-- Enc. hol. |
||
| 999 |
_c167924 _d167924 |
||